ბათუმის შოთა რუსთაველის სახელმწიფო უნივერსიტეტის ბიბლიოთეკა

გლინვის წარმოების საფუძვლები : წიგნი პირველი / (ბიბ.ჩანაწერი № 39145)

000 -ლიდერი
ფიქსირებული სიგრძის საკონტროლო ველი 00866nam a2200205Ia 4500
001 - საკონტროლო ნომერი
საკონტროლო ველი 5728
003 - საკონტროლო ნომრის იდენტიფიკატორი
საკონტროლო ველი GE_BSU
005 - ბოლო ოპერაციის თარიღი და დრო
საკონტროლო ველი 20190628152547.0
008 - ფიქსირებული სიგრძის მონაცემთა ელემენტები - ზოგადი ინფორმაცია
ფიქსირებული სიგრძის საკონტროლო ველი 181216s1961|||| |||||||||||||| ||geo||
041 ## - ენის კოდი
Language code of text/sound track or separate title geo
080 ## - უნივერსალური ათობითი კლასიფიკაციის ინდექსი
Universal Decimal Classification number 621.771(075.8) ნ-81
100 ## - მთავარი ჩანაწერი - პიროვნების სახელი
Personal name ნოზაძე,ა.დ.
9 (RLIN) 3054
245 ## - ცნობა სათაურის შესახებ
Title გლინვის წარმოების საფუძვლები : წიგნი პირველი /
Statement of responsibility, etc ა.დ. ნოზაძე ; ჯ.მ. ლომსაძე ; რედ : ლ.ნ.ოკლეი.
264 ## - წარმოების, გამოცემის, დისტრიბუციის და სხვა ცნობები
გამოცემის, წარმოების, დისტრიბუციის... ადგილი თბილისი :
გამოცემის, წარმოების, დისტრიბუციის... სახელწოდება ცოდნა,
გამოცემის, წარმოების, დისტრიბუციის... თარიღი 1961.
300 ## - ფიზიკური აღწერა
Extent 431 გვ .:
Other physical details ილ ;
Dimensions 22 სმ.
653 ## - INDEX TERM--UNCONTROLLED
Uncontrolled term გლინვის წარმოება
700 ## - ADDED ENTRY--PERSONAL NAME
Personal name ლომსაძე, ჯ.მ.
9 (RLIN) 3055
700 ## - ADDED ENTRY--PERSONAL NAME
Personal name ოკლეი, ლ.ნ
Relator term რედაქტორი
9 (RLIN) 3056
942 ## - ADDED ENTRY ELEMENTS (KOHA)
Koha item type წიგნი
Source of classification or shelving scheme
ეგზემპლარები
ჩამოწერის სტატუსი დაკარგული ეგზემპლარის სტატუსი კლასიფიკაციის წყარო ან თაროზე გაწყობის სქემა დაზიანების სტატუსი არ გაიცემა მუდმივი მდებარეობა (დაცვის ადგილი) ამჟამინდელი ადგილსამყოფელი თაროზე განთავსების ადგილი შეძენის თარიღი ღირებულება, შესყიდვის ნორმალური ფასი სრული შენახვის შიფრი შტრიხკოდი ბოლო ოპერაციის თარიღი ეგზემპლარის მიმდევრობითი ნომერი (კეტერი?) ფასის ძალაში შესვლის თარიღი ეგზემპლარის სახეობა საჯარო შენიშვნა
          ტექნოლოგიური ფაკულტეტის ბიბლიოთეკა ტექნოლოგიური ფაკულტეტის ბიბლიოთეკა წიგნსაცავი 2018-12-17 1.00 621.771(075.8) ნ-81 11060 2018-12-17 11060 2018-12-17 წიგნი 1 ლ. 78 თ.
          ტექნოლოგიური ფაკულტეტის ბიბლიოთეკა ტექნოლოგიური ფაკულტეტის ბიბლიოთეკა წიგნსაცავი 2018-12-17 1.00 621.771(075.8) ნ-81 11059 2018-12-17 11059 2018-12-17 წიგნი 1 ლ. 78 თ.